Spoken Arabic Made easy : (Record no. 55251)
[ view plain ]
| 000 -LEADER | |
|---|---|
| fixed length control field | 00568nam a2200193Ia 4500 |
| 001 - CONTROL NUMBER | |
| control field | 55318 |
| 008 - FIXED-LENGTH DATA ELEMENTS--GENERAL INFORMATION | |
| fixed length control field | 080101n ii |||gr||||Z||||||465 |
| 020 ## - INTERNATIONAL STANDARD BOOK NUMBER | |
| International Standard Book Number | 9788178985015 |
| 082 ## - DEWEY DECIMAL CLASSIFICATION NUMBER | |
| Classification number | 492.7 |
| 245 #0 - TITLE STATEMENT | |
| Title | Spoken Arabic Made easy : |
| Remainder of title | a unique courese in spoken arabic for beginners / |
| Statement of responsibility, etc. | Amanulla Vadakkangara . |
| Medium | Textual Documents |
| 250 ## - EDITION STATEMENT | |
| Edition statement | First-2006. |
| 260 ## - PUBLICATION, DISTRIBUTION, ETC. | |
| Place of publication, distribution, etc. | New Delhi: |
| Name of publisher, distributor, etc. | Goodword books. |
| 300 ## - PHYSICAL DESCRIPTION | |
| Extent | 159pg: |
| Dimensions | 23cm. |
| 653 ## - INDEX TERM--UNCONTROLLED | |
| Uncontrolled term | Arabic & Persian |
| 653 ## - INDEX TERM--UNCONTROLLED | |
| Uncontrolled term | MS-Arabic |
| 653 ## - INDEX TERM--UNCONTROLLED | |
| Uncontrolled term | Spoken -Arabic |
| 700 ## - ADDED ENTRY--PERSONAL NAME | |
| Personal name | Vadakkangara,Amanulla. |
| 942 ## - ADDED ENTRY ELEMENTS (KOHA) | |
| Source of classification or shelving scheme | Dewey Decimal Classification |
| Koha item type | Books |
| Withdrawn status | Lost status | Damaged status | Not for loan | Collection | Home library | Current library | Shelving location | Date acquired | Coded location qualifier | Total checkouts | Full call number | Barcode | Date last seen | Copy number | Price effective from | Koha item type |
|---|---|---|---|---|---|---|---|---|---|---|---|---|---|---|---|---|
| Dr. Suryya Kumar Bhuyan Library | Dr. Suryya Kumar Bhuyan Library | 01/01/2008 | 00000 | 492.7 Va 44 Sp | 868/Isl | 14/01/2024 | 1 | 01/01/2008 | Books | |||||||
| Dr. Suryya Kumar Bhuyan Library | Dr. Suryya Kumar Bhuyan Library | 01/01/2008 | 00000 | 492.7 Va 44 Sp | 1135/Isl | 14/01/2024 | 1 | 01/01/2008 | Books | |||||||
| Dr. Suryya Kumar Bhuyan Library | Dr. Suryya Kumar Bhuyan Library | 01/01/2008 | 00000 | 492.7 Va 44 Sp | 865/Isl | 14/01/2024 | 3 | 01/01/2008 | Books | |||||||
| Dr. Suryya Kumar Bhuyan Library | Dr. Suryya Kumar Bhuyan Library | 01/01/2008 | 00000 | 492.7 Va 44 Sp | 866/Isl | 14/01/2024 | 4 | 01/01/2008 | Books | |||||||
| Dr. Suryya Kumar Bhuyan Library | Dr. Suryya Kumar Bhuyan Library | 01/01/2008 | 00000 | 492.7 Va 44 Sp | 867/Isl | 14/01/2024 | 5 | 01/01/2008 | Books |
